| 000 | 00391cam a22001097a 4500 | ||
|---|---|---|---|
| 008 | 180718b1956 xxu||||| |||| 00| 0 eng d | ||
| 082 | _aX63x42 | ||
| 245 |
_aDesign and layout of roads in built- up areas: report _cby Minister of War Transport, United Kingdom |
||
| 260 |
_aLondon _bHer Majesty's Stationery Office _c1956 |
||
| 300 | _a100+p. | ||
| 700 | _aUnited Kingdom. Minister of War Transport | ||
| 999 |
_c425255 _d425255 |
||